[Event "Nuremberg-ch op 03rd"]
[Site "Nuremberg"]
[Date "2003.05.31"]
[Round "3"]
[White "Kuespert, Helmut"]
[Black "Frank, Werner"]
[Result "0-1"]
[WhiteElo "1972"]
[BlackElo "1877"]
[PlyCount "82"]
[EventDate "2003.05.30"]
[EventType "swiss"]
[EventRounds "5"]
[EventCountry "GER"]
[SourceTitle "EXT 2006"]
[Source "ChessBase"]
[SourceDate "2005.11.24"]
[SourceVersion "1"]
[SourceVersionDate "2005.11.24"]
[SourceQuality "1"]

1. e4 e5 2. Bc4 d6 3. f4 exf4 4. Nf3 Be6 5. Bb3 Bxb3 6. axb3 g5 7. 0-0 Bg7 8. h3 Nd7 9. Nc3 c6 10. d3 Ne5 11. Nh2 Ng6 12. Qh5 h6 13. Ng4 Qe7 14. Bd2 Nf6 15. Nxf6+ Bxf6 16. Ra5 b5 17. Nd1 Bg7 18. Bc3 Bxc3 19. Nxc3 Qe5 20. Rfa1 Nh4 21. Kh2 Qd4 22. Nd1 f3 23. gxf3 Qe5+ 24. Kh1 0-0 25. Rxa7 Rxa7 26. Rxa7 Qc5 27. Ra1 Qxc2 28. Qg4 Qxd3 29. Nc3 f5 30. exf5 Rxf5 31. Rd1 Qxf3+ 32. Qxf3 Rxf3 33. Rxd6 Rxh3+ 34. Kg1 b4 35. Rxc6 bxc3 36. bxc3 g4 37. b4 g3 38. b5 Rh2 39. Rf6 Rc2 40. Rf1 g2 41. Rb1 Nf3# 0-1